[Event "DOM-ch"]
[Site "Santo Domingo"]
[Date "2022.02.20"]
[Round "4"]
[White "De Los Santos Nunez, Eddy"]
[Black "Camacho Campusano, David Daniel"]
[Result "1-0"]
[WhiteElo "2069"]
[BlackElo "2205"]
[PlyCount "99"]
[EventDate "2022.02.18"]
[EventType "swiss"]
[EventRounds "11"]
[EventCountry "DOM"]
[SourceTitle "EXT 2023"]
[Source "ChessBase"]
[SourceDate "2022.10.05"]
[SourceVersion "1"]
[SourceVersionDate "2022.10.05"]
[SourceQuality "1"]

1. Nf3 Nf6 2. d4 g6 3. c4 Bg7 4. Nc3 0-0 5. e4 d6 6. h3 e5 7. dxe5 dxe5 8. Qxd8 Rxd8 9. Bg5 Re8 10. 0-0-0 c6 11. Nxe5 Nxe4 12. Nxe4 Bxe5 13. Nf6+ Bxf6 14. Bxf6 Bf5 15. f3 Nd7 16. Bc3 Rad8 17. g4 Be6 18. b3 a6 19. Rh2 Nb8 20. Bd4 b5 21. Rhd2 f5 22. g5 Kf7 23. f4 bxc4 24. bxc4 c5 25. Bf6 Rxd2 26. Rxd2 Nd7 27. Bc3 Nb6 28. Rd6 Nxc4 29. Rxe6 Kxe6 30. Bxc4+ Kd6 31. Be5+ Kc6 32. Bxa6 Ra8 33. Bc4 Ra3 34. Bb3 Kb5 35. Kb2 Ra7 36. a4+ Kc6 37. Kc3 Rd7 38. h4 Ra7 39. Bd1 Rd7 40. Bf3+ Kb6 41. Be2 Rd8 42. a5+ Kc6 43. Kc4 Kb7 44. Bf3+ Ka6 45. Bc7 Rd7 46. Bb6 Rd4+ 47. Kxc5 Rxf4 48. Be2+ Kb7 49. a6+ Ka8 50. Bb5 1-0

[Event "La Vega op 3rd"]
[Site "La Vega"]
[Date "2019.08.24"]
[Round "8"]
[White "Garavito, Miguel Angel"]
[Black "De Los Santos Nunez, Eddy"]
[Result "1-0"]
[WhiteElo "2302"]
[BlackElo "2094"]
[PlyCount "101"]
[EventDate "2019.08.20"]
[EventType "swiss"]
[EventRounds "9"]
[EventCountry "DOM"]
[SourceTitle "EXT 2020"]
[Source "ChessBase"]
[SourceDate "2019.10.17"]
[SourceVersion "1"]
[SourceVersionDate "2019.10.17"]
[SourceQuality "1"]

1. d4 Nf6 2. Nf3 g6 3. g3 Bg7 4. Bg2 c5 5. c4 0-0 6. 0-0 Na6 7. Nc3 d5 8. cxd5 Nxd5 9. e4 Nxc3 10. bxc3 cxd4 11. cxd4 Nc5 12. e5 Ne6 13. Ba3 Nc7 14. Qb3 Rb8 15. Rfd1 Be6 16. Qa4 a6 17. Ng5 Bd5 18. Ne4 Nb5 19. Bb2 Rc8 20. Rac1 Rxc1 21. Rxc1 Bc6 22. Qb4 Nc7 23. Ba3 Re8 24. Bb2 Nd5 25. Qb3 Nc7 26. Ng5 Nd5 27. Rc5 e6 28. Ne4 Bf8 29. Rc1 Be7 30. Ba3 Kg7 31. h4 Qa5 32. Bxe7 Rxe7 33. h5 Qb4 34. Qxb4 Nxb4 35. a3 Bxe4 36. Bxe4 Nd5 37. hxg6 hxg6 38. Bxd5 exd5 39. Rc5 Rd7 40. f4 b5 41. Kf2 Rb7 42. Ke3 a5 43. Kd3 b4 44. axb4 Rxb4 45. Rxd5 Rb3+ 46. Kc4 Rxg3 47. Rxa5 Rg4 48. d5 g5 49. d6 Rxf4+ 50. Kd5 Rf1 51. d7 1-0

[Event "DOM-ch"]
[Site "Santo Domingo"]
[Date "2019.05.12"]
[Round "11"]
[White "De Los Santos Nunez, Eddy"]
[Black "Diaz, Eugenio Daniel"]
[Result "1-0"]
[WhiteElo "2142"]
[BlackElo "1868"]
[PlyCount "55"]
[EventDate "2019.04.26"]
[EventType "swiss"]
[EventRounds "11"]
[EventCountry "DOM"]
[SourceTitle "CBM 190 Extra"]
[Source "ChessBase"]
[SourceDate "2019.07.15"]
[SourceVersion "1"]
[SourceVersionDate "2019.07.15"]
[SourceQuality "1"]

1. e4 e6 2. d4 d5 3. Nd2 c5 4. Ngf3 cxd4 5. exd5 Qxd5 6. Bc4 Qd6 7. 0-0 Nf6 8. Nb3 Nc6 9. Nbxd4 Nxd4 10. Nxd4 a6 11. Bb3 Qc7 12. Bg5 Bd6 13. h3 0-0 14. Qf3 b5 15. Bxf6 gxf6 16. Qxf6 Be5 17. Qh4 Kh8 18. c3 Rg8 19. Bc2 Rg7 20. Be4 Bb7 21. Nf3 Rag8 22. Kh1 f5 23. Bxb7 Qxb7 24. Rg1 Bd6 25. Rad1 Be7 26. Qd4 h6 27. Rde1 Kh7 28. Rxe6 1-0

[Event "Santo Domingo Duarte Memorial 8th"]
[Site "Santo Domingo"]
[Date "2019.01.26"]
[Round "6"]
[White "De Los Santos Nunez, Eddy"]
[Black "Polanco Nunez, Yoel Estarling"]
[Result "0-1"]
[WhiteElo "2132"]
[BlackElo "2234"]
[PlyCount "24"]
[EventDate "2019.01.18"]
[EventType "swiss"]
[EventRounds "8"]
[EventCountry "DOM"]
[SourceTitle "CBM 188 Extra"]
[Source "ChessBase"]
[SourceDate "2019.02.26"]
[SourceVersion "1"]
[SourceVersionDate "2019.02.26"]
[SourceQuality "1"]

1. e4 c5 2. Nf3 d6 3. Bc4 Nf6 4. e5 dxe5 5. Nxe5 e6 6. 0-0 Bd6 7. Qe2 a6 8. a4 Qc7 9. f4 0-0 10. d3 Nbd7 11. Nxf7 Rxf7 12. Qxe6 Ne5 0-1

[Event "Santo Domingo Duarte Memorial 8th"]
[Site "Santo Domingo"]
[Date "2019.01.20"]
[Round "4"]
[White "De Los Santos Nunez, Eddy"]
[Black "Velez Espiritusantos, Brunildo E"]
[Result "1-0"]
[WhiteElo "2132"]
[BlackElo "1972"]
[PlyCount "83"]
[EventDate "2019.01.18"]
[EventType "swiss"]
[EventRounds "8"]
[EventCountry "DOM"]
[SourceTitle "CBM 188 Extra"]
[Source "ChessBase"]
[SourceDate "2019.02.26"]
[SourceVersion "1"]
[SourceVersionDate "2019.02.26"]
[SourceQuality "1"]

1. e4 d5 2. Nc3 d4 3. Nce2 e5 4. d3 Nf6 5. f4 Nc6 6. Nf3 Bb4+ 7. c3 dxc3 8. bxc3 Bd6 9. fxe5 Bxe5 10. d4 Nxe4 11. Bb2 Bf6 12. d5 Nxc3 13. Nxc3 Ne7 14. Bb5+ Bd7 15. Qb3 0-0 16. Bxd7 Qxd7 17. Rd1 Nf5 18. Kf2 Nd6 19. Rhe1 Rfe8 20. Kg1 a6 21. Na4 Qf5 22. Bxf6 Qxf6 23. Nc5 b6 24. Nd7 Qf5 25. Nde5 h6 26. Rc1 Re7 27. Nc6 Rxe1+ 28. Rxe1 Qf4 29. Qc2 Nb5 30. a4 Na3 31. Qd3 Nc4 32. g3 Nb2 33. Qb3 Qf6 34. Nfe5 Nxa4 35. Qxa4 Qd6 36. Qd4 a5 37. Nc4 Qf8 38. Ne7+ Kh8 39. Ne5 Kh7 40. Qe4+ g6 41. N7xg6 fxg6 42. Qxg6+ 1-0

[Event "DOM-ch"]
[Site "Santo Domingo"]
[Date "2018.04.28"]
[Round "7"]
[White "De Los Santos Nunez, Eddy"]
[Black "Pena Ramirez, Ambiorix"]
[Result "1-0"]
[WhiteElo "2119"]
[BlackElo "2044"]
[PlyCount "107"]
[EventDate "2018.04.20"]
[EventType "swiss"]
[EventRounds "11"]
[EventCountry "DOM"]
[SourceTitle "CBM 184 Extra"]
[Source "ChessBase"]
[SourceDate "2018.06.28"]
[SourceVersion "1"]
[SourceVersionDate "2018.06.28"]
[SourceQuality "1"]

1. e4 d5 2. exd5 Qxd5 3. Nc3 Qd6 4. d4 Nf6 5. g3 g6 6. Bg2 Bg7 7. Nge2 0-0 8. Bf4 Qd8 9. Qd2 c6 10. Bh6 Nbd7 11. h4 e5 12. 0-0-0 Bxh6 13. Qxh6 Ng4 14. Qd2 Nxf2 15. dxe5 Nxh1 16. Bxh1 Qe7 17. h5 Nxe5 18. hxg6 fxg6 19. Nf4 Nc4 20. Qd4 Qe3+ 21. Qxe3 Nxe3 22. Rd3 Ng4 23. Bg2 Bf5 24. Rd4 Ne3 25. Be4 Rad8 26. Rxd8 Rxd8 27. Bxf5 Nxf5 28. g4 Ne3 29. g5 Nd5 30. Ncxd5 cxd5 31. Kd2 Rf8 32. Nxd5 Rf2+ 33. Kd3 Rg2 34. Nf6+ Kg7 35. Ne4 Kf7 36. b4 b6 37. a4 Ke6 38. c4 Ke5 39. c5 Rg4 40. c6 Rf4 41. Nf6 Kd6 42. c7 Kxc7 43. Nd5+ Kd6 44. Nxf4 Ke5 45. Ke3 Kf5 46. Nd5 Ke5 47. Nc3 a6 48. Kd3 Kf5 49. Nd5 Kxg5 50. Nxb6 h5 51. Nd5 h4 52. Ne3 h3 53. Nf1 Kg4 54. Ke4 1-0

[Event "DOM-ch"]
[Site "Santo Domingo"]
[Date "2018.04.28"]
[Round "6"]
[White "Fabian Brioso, Carlos Julio"]
[Black "De Los Santos Nunez, Eddy"]
[Result "1/2-1/2"]
[WhiteElo "1917"]
[BlackElo "2119"]
[PlyCount "109"]
[EventDate "2018.04.20"]
[EventType "swiss"]
[EventRounds "11"]
[EventCountry "DOM"]
[SourceTitle "CBM 184 Extra"]
[Source "ChessBase"]
[SourceDate "2018.06.28"]
[SourceVersion "1"]
[SourceVersionDate "2018.06.28"]
[SourceQuality "1"]

1. d4 Nf6 2. Bf4 d6 3. e3 g6 4. Nf3 Bg7 5. h3 0-0 6. Be2 c5 7. c3 Nbd7 8. Nbd2 b6 9. 0-0 Bb7 10. Re1 Re8 11. Qb3 e5 12. dxe5 dxe5 13. Bg3 e4 14. Bc4 Qe7 15. Ng5 Rf8 16. Rad1 Bc6 17. Bxf7+ Rxf7 18. Bd6 Qe8 19. Qxf7+ Qxf7 20. Nxf7 Kxf7 21. Nc4 Nd5 22. Bg3 Ke6 23. a3 Ba4 24. Rd2 Bf8 25. Rde2 Bb5 26. b3 Nxc3 27. Rc2 Nd5 28. Rd1 Bc6 29. Rcd2 Rc8 30. Rc2 b5 31. Nd2 N5f6 32. Rdc1 Ne5 33. Bxe5 Kxe5 34. b4 c4 35. Nxc4+ bxc4 36. Rxc4 a5 37. Rxc6 Rxc6 38. Rxc6 axb4 39. axb4 Bxb4 40. Kf1 h5 41. Ke2 g5 42. Rc8 Bd6 43. Rh8 Ke6 44. Rc8 Kd7 45. Rc4 Ke6 46. Rc8 Kf5 47. Rc6 Ke6 48. f3 Ke5 49. Ra6 Bc5 50. f4+ gxf4 51. exf4+ Kf5 52. g4+ hxg4 53. hxg4+ Nxg4 54. Ra5 Kxf4 55. Rxc5 1/2-1/2

[Event "DOM-ch"]
[Site "Santo Domingo"]
[Date "2018.04.20"]
[Round "1"]
[White "De Los Santos Nunez, Eddy"]
[Black "Perez Feliz, Jose Enrique"]
[Result "1-0"]
[WhiteElo "2119"]
[BlackElo "1914"]
[PlyCount "65"]
[EventDate "2018.04.20"]
[EventType "swiss"]
[EventRounds "11"]
[EventCountry "DOM"]
[SourceTitle "CBM 184 Extra"]
[Source "ChessBase"]
[SourceDate "2018.06.28"]
[SourceVersion "1"]
[SourceVersionDate "2018.06.28"]
[SourceQuality "1"]

1. c4 Nf6 2. Nf3 e6 3. g3 Be7 4. Bg2 d5 5. 0-0 0-0 6. d4 b6 7. cxd5 Nxd5 8. e4 Nf6 9. Nc3 Bb7 10. Re1 c5 11. Bf4 Na6 12. d5 exd5 13. exd5 Bd6 14. Bxd6 Qxd6 15. Ne5 Nc7 16. Nc4 Qd7 17. d6 Ne6 18. Ne5 Qc8 19. d7 Qb8 20. Nc6 Bxc6 21. Bxc6 Qc7 22. Bxa8 Rxa8 23. Nd5 Nxd5 24. Qxd5 Rd8 25. Rxe6 fxe6 26. Qxe6+ Kf8 27. Qf5+ Kg8 28. Qe6+ Kf8 29. Rd1 g6 30. Rd6 c4 31. h4 b5 32. h5 gxh5 33. Rd5 1-0

[Event "Santo Domingo Duarte Memorial 7th"]
[Site "Santo Domingo"]
[Date "2018.01.13"]
[Round "2"]
[White "Mendez Ramirez, Victor"]
[Black "De Los Santos Nunez, Eddy"]
[Result "1/2-1/2"]
[WhiteElo "1913"]
[BlackElo "2129"]
[PlyCount "105"]
[EventDate "2018.01.12"]
[EventType "swiss"]
[EventRounds "8"]
[EventCountry "DOM"]
[SourceTitle "CBM 182 Extra"]
[Source "ChessBase"]
[SourceDate "2018.02.23"]
[SourceVersion "1"]
[SourceVersionDate "2018.02.23"]
[SourceQuality "1"]

1. d4 Nf6 2. Bf4 g6 3. e3 Bg7 4. Nf3 d6 5. h3 c5 6. c3 0-0 7. Be2 cxd4 8. cxd4 Nd5 9. Bh2 Qb6 10. Qd2 Bf5 11. Nc3 Nxc3 12. bxc3 Nc6 13. 0-0 Rac8 14. Rfc1 Na5 15. c4 Qd8 16. Rc3 b6 17. Bd3 Bxd3 18. Qxd3 Rc6 19. Rac1 Qd7 20. Nd2 Rfc8 21. R3c2 R6c7 22. c5 bxc5 23. dxc5 Nb7 24. cxd6 Rxc2 25. Rxc2 Rxc2 26. Qxc2 Nxd6 27. Qd3 Qb5 28. Qxb5 Nxb5 29. Nb3 Nc3 30. Bb8 a6 31. Nc5 Nxa2 32. Nxa6 f5 33. f3 Nc3 34. Kf2 e5 35. Ba7 Kf7 36. Nb4 Ke6 37. Ke1 e4 38. fxe4 Nxe4 39. Nc2 Kd5 40. Bd4 Bh6 41. Ke2 Kc4 42. Ne1 Bf8 43. Nf3 Bd6 44. Nd2+ Kd5 45. Nxe4 Kxe4 46. Ba7 Bg3 47. Bb6 g5 48. Ba7 h5 49. Bb6 g4 50. Ba7 Bd6 51. Bb6 Bb8 52. Bc5 Bh2 53. Bf8 1/2-1/2

[Event "Santo Domingo Guzman Cup"]
[Site "Santo Domingo"]
[Date "2017.10.28"]
[Round "7"]
[White "Crispin Ferreras, Darvi Abraham"]
[Black "De Los Santos Nunez, Eddy"]
[Result "1-0"]
[WhiteElo "2183"]
[BlackElo "2123"]
[PlyCount "57"]
[EventDate "2017.10.20"]
[EventType "swiss"]
[EventRounds "8"]
[EventCountry "DOM"]
[SourceTitle "CBM 181 Extra"]
[Source "ChessBase"]
[SourceDate "2017.12.12"]
[SourceVersion "1"]
[SourceVersionDate "2017.12.12"]
[SourceQuality "1"]

1. e4 c5 2. Nf3 Nf6 3. e5 Nd5 4. d4 cxd4 5. Qxd4 e6 6. Bc4 Nc6 7. Qe4 Nb6 8. Be2 d5 9. exd6 Bxd6 10. 0-0 f5 11. Qd3 0-0 12. Na3 e5 13. Nb5 Bb8 14. Qb3+ Kh8 15. Rd1 Qe8 16. Nd6 Bxd6 17. Rxd6 Qe7 18. Qa3 f4 19. b3 Rf7 20. Bb2 Bg4 21. h3 Bf5 22. Bb5 e4 23. Bxc6 bxc6 24. Ne5 Rff8 25. Rxc6 Qg5 26. Qc5 Rad8 27. Rc7 Kg8 28. h4 Qh5 29. Qe7 1-0

[Event "Santo Domingo Guzman Cup"]
[Site "Santo Domingo"]
[Date "2017.10.27"]
[Round "5"]
[White "De Los Santos Nunez, Eddy"]
[Black "Guzman, Christopher"]
[Result "1-0"]
[WhiteElo "2123"]
[BlackElo "2357"]
[PlyCount "79"]
[EventDate "2017.10.20"]
[EventType "swiss"]
[EventRounds "8"]
[EventCountry "DOM"]
[SourceTitle "CBM 181 Extra"]
[Source "ChessBase"]
[SourceDate "2017.12.12"]
[SourceVersion "1"]
[SourceVersionDate "2017.12.12"]
[SourceQuality "1"]

1. e4 c6 2. d4 d5 3. exd5 cxd5 4. c4 Nf6 5. Nc3 Nc6 6. Nf3 e6 7. a3 Be7 8. c5 0-0 9. b4 Ne4 10. Bb2 f5 11. b5 Nb8 12. Be2 Nd7 13. 0-0 Bf6 14. Rc1 Qe7 15. Qb3 g5 16. c6 bxc6 17. bxc6 Rb8 18. Qa2 Nb6 19. a4 Qg7 20. a5 Nxc3 21. Bxc3 Na8 22. Rb1 Rxb1 23. Rxb1 Nc7 24. a6 Be7 25. Ne5 Bd6 26. Bb4 Qe7 27. Bxd6 Qxd6 28. Qa5 Rd8 29. Rb7 Bxb7 30. axb7 Ne8 31. Qxd8 Qxd8 32. Nd7 Kf7 33. b8Q Qxb8 34. Nxb8 Ke7 35. Na6 Kd6 36. Bb5 Ke7 37. c7 Nd6 38. Bc6 h5 39. Kf1 h4 40. Nc5 1-0

[Event "Santo Domingo op"]
[Site "Santo Domingo"]
[Date "2017.04.09"]
[Round "7"]
[White "Mendez, Ruddy Antonio"]
[Black "De Los Santos Nunez, Eddy"]
[Result "0-1"]
[WhiteElo "2088"]
[BlackElo "2128"]
[PlyCount "62"]
[EventDate "2017.04.01"]
[EventType "swiss"]
[EventRounds "7"]
[EventCountry "DOM"]
[SourceTitle "CBM 177 Extra"]
[Source "ChessBase"]
[SourceDate "2017.04.27"]
[SourceVersion "1"]
[SourceVersionDate "2017.04.27"]
[SourceQuality "1"]

1. d4 Nf6 2. c4 g6 3. g3 Bg7 4. Bg2 c5 5. Nf3 0-0 6. 0-0 cxd4 7. Nxd4 Nc6 8. Nc3 Qb6 9. Ndb5 a6 10. Na4 Qd8 11. Nbc3 d6 12. Be3 Be6 13. Nb6 Rb8 14. h3 Ne5 15. Qa4 Nxc4 16. Nxc4 b5 17. Qxa6 bxc4 18. Rfb1 d5 19. Bd4 Qd7 20. Kh2 Ra8 21. Qb5 Qc7 22. Bxf6 Bxf6 23. Nxd5 Bxd5 24. Bxd5 Rab8 25. Qxc4 Qxc4 26. Bxc4 Bxb2 27. Rxb2 Rxb2 28. Rc1 e6 29. a4 Rc8 30. a5 Rb4 31. a6 Rbxc4 0-1

[Event "Santo Domingo op"]
[Site "Santo Domingo"]
[Date "2017.04.08"]
[Round "5"]
[White "De Los Santos Nunez, Eddy"]
[Black "Abreu Jean, Carlos Paul"]
[Result "0-1"]
[WhiteElo "2128"]
[BlackElo "2265"]
[PlyCount "98"]
[EventDate "2017.04.01"]
[EventType "swiss"]
[EventRounds "7"]
[EventCountry "DOM"]
[SourceTitle "CBM 177 Extra"]
[Source "ChessBase"]
[SourceDate "2017.04.27"]
[SourceVersion "1"]
[SourceVersionDate "2017.04.27"]
[SourceQuality "1"]

1. Nf3 c5 2. c4 Nc6 3. d4 cxd4 4. Nxd4 Nf6 5. Nc3 e6 6. g3 a6 7. a3 Qc7 8. Bg2 Ne5 9. Bf4 d6 10. b3 Be7 11. 0-0 0-0 12. Rc1 Bd7 13. Ne4 Nxe4 14. Bxe4 f5 15. Bg2 Ng6 16. Bd2 Kh8 17. e4 f4 18. Bh3 Rf6 19. Bc3 fxg3 20. hxg3 Ne5 21. f4 Rh6 22. Kg2 Nc6 23. Nc2 Bf6 24. Ne3 Bxc3 25. Rxc3 Ne7 26. Rd3 Bc6 27. Qf3 b5 28. Ng4 Rg6 29. Kh2 bxc4 30. bxc4 Rb8 31. Qe2 Bd7 32. Ne3 Bc6 33. Bg2 Ng8 34. Rfd1 Nf6 35. Rxd6 Nxe4 36. Rxc6 Qxc6 37. Qc2 Qc5 38. Qxe4 Qh5+ 39. Kg1 Rxg3 40. Rd2 Qh4 41. a4 h6 42. Nf1 Rg4 43. c5 Rxf4 44. Qe5 Rb1 45. Rd8+ Kh7 46. Rd3 Rbxf1+ 47. Bxf1 Qf2+ 48. Kh1 Qxf1+ 49. Kh2 Qf2+ 0-1

[Event "Santo Domingo Duarte Memorial 6th"]
[Site "Santo Domingo"]
[Date "2017.02.05"]
[Round "8"]
[White "Mejia, Juan Alberto"]
[Black "De Los Santos Nunez, Eddy"]
[Result "0-1"]
[WhiteElo "1859"]
[BlackElo "2110"]
[PlyCount "126"]
[EventDate "2017.01.27"]
[EventType "swiss"]
[EventRounds "8"]
[EventCountry "DOM"]
[SourceTitle "CBM 176 Extra"]
[Source "ChessBase"]
[SourceDate "2017.03.02"]
[SourceVersion "1"]
[SourceVersionDate "2017.03.02"]
[SourceQuality "1"]

1. e4 d6 2. d4 Nf6 3. Bd3 g6 4. Nf3 Bg7 5. 0-0 0-0 6. Nbd2 c5 7. c3 Nc6 8. Qe2 cxd4 9. cxd4 Bg4 10. Nb3 a5 11. Be3 a4 12. Nbd2 Nd7 13. Qe1 a3 14. Rb1 Nb4 15. Bc4 Nc2 16. Qc1 Nxe3 17. fxe3 Rc8 18. Qe1 Nf6 19. Qe2 d5 20. Bd3 dxe4 21. Nxe4 Nd5 22. h3 Bf5 23. Neg5 Bxd3 24. Qxd3 axb2 25. Ne4 Qb6 26. Nc5 Rfd8 27. Qa3 Ra8 28. Qxb2 Qxb2 29. Rxb2 b6 30. Nb3 Nxe3 31. Re1 Nd5 32. Rbe2 Rdc8 33. Rf1 Ra4 34. Ne5 f6 35. Nf3 Bh6 36. Rfe1 Rc7 37. Nh2 Kf8 38. Ng4 Bf4 39. Ra1 h5 40. Nf2 Rc3 41. Rae1 Re3 42. Nd1 Rxe2 43. Rxe2 Kf7 44. Kf2 Ra3 45. Kf3 f5 46. g3 Bd6 47. Kg2 g5 48. Rf2 Kg6 49. Rb2 Nf6 50. Ne3 b5 51. Rf2 e6 52. Re2 Ne4 53. Nd1 g4 54. hxg4 hxg4 55. Nf2 Ng5 56. Nd3 Kf6 57. Ndc5 Ra7 58. Nd2 Kf7 59. Nf1 Bxc5 60. dxc5 Ne4 61. c6 Rc7 62. Rc2 Ke7 63. Ne3 Kd6 0-1

[Event "Santo Domingo Autumn op"]
[Site "Santo Domingo"]
[Date "2016.10.07"]
[Round "6"]
[White "Abreu Jean, Carlos Paul"]
[Black "De Los Santos Nunez, Eddy"]
[Result "1-0"]
[WhiteElo "2310"]
[BlackElo "2135"]
[PlyCount "75"]
[EventDate "2016.10.07"]
[EventType "swiss"]
[EventRounds "8"]
[EventCountry "DOM"]
[SourceTitle "CBM 175 Extra"]
[Source "ChessBase"]
[SourceDate "2016.12.12"]
[SourceVersion "1"]
[SourceVersionDate "2016.12.12"]
[SourceQuality "1"]

1. e4 d6 2. d4 Nf6 3. Nc3 g6 4. g3 Bg7 5. Bg2 0-0 6. h3 Nbd7 7. Nge2 c5 8. 0-0 cxd4 9. Nxd4 a6 10. Be3 Ne5 11. Qe2 Qc7 12. Rad1 Rb8 13. Bg5 Be6 14. Nd5 Bxd5 15. exd5 h6 16. Bc1 Qc4 17. Qxc4 Nxc4 18. Rfe1 Rfe8 19. c3 Nb6 20. Nb3 Rbc8 21. Re2 Rc7 22. Kh2 Kf8 23. f4 h5 24. f5 gxf5 25. Rf2 h4 26. gxh4 e6 27. dxe6 fxe6 28. Rxd6 Nc4 29. Rd1 Nh5 30. Kg1 Be5 31. Nd4 Bg3 32. Re2 Ne5 33. Rf1 Kg8 34. Nxe6 Rxe6 35. Bd5 Rce7 36. Rxf5 Kg7 37. Bxe6 Rxe6 38. Kh1 1-0

[Event "Santo Domingo Autumn op"]
[Site "Santo Domingo"]
[Date "2016.10.07"]
[Round "2"]
[White "De Los Santos Nunez, Eddy"]
[Black "Mendez Ramirez, Victor"]
[Result "1-0"]
[WhiteElo "2135"]
[BlackElo "1717"]
[PlyCount "61"]
[EventDate "2016.10.07"]
[EventType "swiss"]
[EventRounds "8"]
[EventCountry "DOM"]
[SourceTitle "CBM 175 Extra"]
[Source "ChessBase"]
[SourceDate "2016.12.12"]
[SourceVersion "1"]
[SourceVersionDate "2016.12.12"]
[SourceQuality "1"]

1. Nf3 f5 2. d4 Nf6 3. Nc3 g6 4. Bg5 Bg7 5. Qd2 h6 6. Bxf6 Bxf6 7. e4 d6 8. Bd3 e6 9. 0-0-0 Nc6 10. exf5 gxf5 11. d5 Ne5 12. dxe6 Bxe6 13. Nd4 Nxd3+ 14. Qxd3 Bxd4 15. Qxd4 0-0 16. Rhe1 Qf6 17. Qb4 Rab8 18. Nb5 a5 19. Qf4 Rf7 20. Rd2 Re8 21. Rde2 Ree7 22. Nxc7 Bxa2 23. Ne8 Rxe8 24. Rxe8+ Kh7 25. Rd1 d5 26. Qe5 Qxe5 27. Rxe5 a4 28. Rd4 Bc4 29. Rh4 Kg6 30. Re6+ Rf6 31. Rxh6+ 1-0